000 00553nam a2200181Ia 4500
008 151018s9999 xx 000 0 und d
082 _bRBASDV11506
_a891.463
100 _aऊ ज शेळके
245 _aडाळिंबाचे दाणे
250 _b1
260 _bसरस साहित्य
_c1977
300 _a340
600 _aऊ ज शेळके
630 _aडाळिंबाचे दाणे
700 _aऊ ज शेळके
730 _aडाळिंबाचे दाणे
942 _cBOOK
999 _c1013848
_d1013845